00268nam a2200097Ia 4500008004100000020001400041100002100055245003600076260003900112300001900151180323s9999 xx 000 0 und d a795703025 aKarasu, Byram T. 4aThe psychotherapist as healer / aLondon :b2001cJason Aronson Inc. avii, 321 pages